000 00542nam a2200229Ia 4500
003 OSt
005 20220924142843.0
006 a|||||r|||| 00| 0
007 ta
008 ASM
024 _a303538
037 _cTextual
040 _aARTS
_cARTS
_bASM
041 _2ASM
_aASM
082 _aO158,1NBA3x, L7.1
100 _aBorah
_9214182
245 0 _aKabitar maladhari
260 _c1977
650 _aASSAMESE LITERATURE
_911738
942 _hO158,1NBA3x, L7.1
_cTEXL
_2CC
999 _c452186
_d452186